000 00711cam a2200253 i 4500
001 4100
003 CO-MdFUSB
005 20240601085004.0
008 240601t1938 -ag||||| |||| 00| 0 spa d
040 _cCO-MdFUSB
041 0 _aspa
082 0 4 _224
_aG 234
_bL9731i
100 1 _aLutero, Martín (1483-1546)
_eAutor
245 1 0 _aLa Libertad Cristiana /
_cMartín Lutero ; M. Gutierrez - Marin, Traductor
264 1 _aBuenos Aires, Argentina :
_bLa Aurora,
_c[1938]
264 4 _c© 1938
300 _a71 Pag
336 _atexto
_btxt
_2rdacontent
337 _2rdamedia
_asin mediación
_bn
338 _2rdacarrier
_avolumen
_bnc
653 _aSoteriología
942 _cBK
945 _aEstudiante
999 _c34714
_d34714